00620nam a22002053 450000100060000000300080000600500170001400800350003103500190006604000350008504100080012008200180012810000340014624500830018026000560026330000240031949000110034370000400035475200200039426655BD-RjUL20211209051040.0140323r19311921enk 000 0 a(BD-RjUL)26725 aBD-RjULbengcBD-RjULdBD-RjUL aeng a871bLUL 19311 aLucretius Carus, TituslEngl.10a Lucretius Carus :bOf the nature of things, a metrical /ctr. by W.E. Leonard aLondon :bJ.M. Dent and sonsc1921 [reprinted 1931] axvi,301 p. ;c20cm. vBook 11 aLeonard, William Ellery C.etransl. aEnglanddLondon